[Event "DEM U10w 2018"]
[Site "Willingen GER"]
[Date "2018.05.24"]
[Round "8"]
[White "Peglau, Charis"]
[Black "Peglau, Dora"]
[Result "1-0"]
[Termination "normal"]
[Board "2"]
[WhiteElo "1324"]
[BlackElo "1203"]
[WhiteClock "01:08:33"]
[BlackClock "01:11:37"]
[PlyCount "81"]
[WhiteFideId "16219996"]
[BlackFideId "16220005"]
[EventCountry "GER"]
[EventRounds "11"]
[EventType "swiss"]
[EventDate "2018.05.19"]

1. e4 {[%clk 1:15:59]} 1... e5 {[%clk 1:15:30]} 2. Nf3 {[%clk 1:16:10]} 2...
Nc6 {[%clk 1:15:24]} 3. d4 {[%clk 1:16:32]} 3... exd4 {[%clk 1:15:41]} 4. Nxd4
{[%clk 1:16:54]} 4... Nf6 {[%clk 1:15:47]} 5. Nc3 {[%clk 1:16:51]} 5... Bb4 {
[%clk 1:15:58]} 6. Nxc6 {[%clk 1:15:38]} 6... dxc6 {[%clk 1:15:17]} 7. Qxd8+ {
[%clk 1:15:01]} 7... Kxd8 {[%clk 1:15:40]} 8. Bg5 {[%clk 1:14:56]} 8... Ke7 {
[%clk 1:13:07]} 9. e5 {[%clk 1:15:05]} 9... h6 {[%clk 1:12:49]} 10. exf6+ {
[%clk 1:15:23]} 10... gxf6 {[%clk 1:13:09]} 11. Bd2 {[%clk 1:15:29]} 11... Be6
{[%clk 1:12:45]} 12. O-O-O {[%clk 1:15:20]} 12... Rad8 {[%clk 1:12:31]} 13. Bd3
{[%clk 1:15:06]} 13... Rhg8 {[%clk 1:11:53]} 14. g3 {[%clk 1:14:20]} 14... h5 {
[%clk 1:11:25]} 15. Rhe1 {[%clk 1:13:16]} 15... Kd7 {[%clk 1:11:00]} 16. a3 {
[%clk 1:12:35]} 16... Bc5 {[%clk 1:10:14]} 17. Be3 {[%clk 1:11:56]} 17... Be7 {
[%clk 1:09:04]} 18. Bh7+ {[%clk 1:11:58]} 18... Kc8 {[%clk 1:09:28]} 19. Bxg8 {
[%clk 1:12:18]} 19... Rxg8 {[%clk 1:09:52]} 20. Rd2 {[%clk 1:11:32]} 20... Bg4
{[%clk 1:09:59]} 21. Bxa7 {[%clk 1:07:55]} 21... Bd6 {[%clk 1:08:22]} 22. Re3 {
[%clk 1:04:16]} 22... b6 {[%clk 1:07:30]} 23. Bxb6 {[%clk 1:04:36]} 23... cxb6
{[%clk 1:07:51]} 24. Rxd6 {[%clk 1:04:58]} 24... Be6 {[%clk 1:07:41]} 25. Rxc6+
{[%clk 1:05:06]} 25... Kb7 {[%clk 1:08:02]} 26. Rd6 {[%clk 1:05:18]} 26... Rc8
{[%clk 1:07:26]} 27. Nd5 {[%clk 1:05:01]} 27... Rc6 {[%clk 1:07:09]} 28. Rxc6 {
[%clk 1:05:08]} 28... Kxc6 {[%clk 1:07:31]} 29. Nxf6 {[%clk 1:05:31]} 29... Kd6
{[%clk 1:07:45]} 30. Nxh5 {[%clk 1:05:49]} 30... Bg4 {[%clk 1:07:52]} 31. Nf4 {
[%clk 1:05:50]} 31... Kc5 {[%clk 1:07:53]} 32. f3 {[%clk 1:05:55]} 32... Bc8 {
[%clk 1:08:03]} 33. Rc3+ {[%clk 1:06:11]} 33... Kd6 {[%clk 1:08:27]} 34. Rxc8 {
[%clk 1:06:35]} 34... Ke5 {[%clk 1:08:49]} 35. h4 {[%clk 1:06:44]} 35... f6 {
[%clk 1:09:11]} 36. h5 {[%clk 1:07:04]} 36... f5 {[%clk 1:09:35]} 37. h6 {
[%clk 1:07:29]} 37... Kf6 {[%clk 1:10:02]} 38. h7 {[%clk 1:07:53]} 38... Ke5 {
[%clk 1:10:27]} 39. h8=Q+ {[%clk 1:08:12]} 39... Kd6 {[%clk 1:11:16]} 40. Qf6+
{[%clk 1:08:33]} 40... Kd7 {[%clk 1:11:37]} 41. Qe6# 1-0

[Event "DEM U10w 2018"]
[Site "Willingen GER"]
[Date "2018.05.24"]
[Round "8"]
[White "Trunz, Michelle"]
[Black "Oellrich, Emma"]
[Result "1-0"]
[Termination "normal"]
[Board "3"]
[WhiteElo "1312"]
[BlackElo "1162"]
[WhiteClock "00:56:15"]
[BlackClock "00:28:35"]
[PlyCount "43"]
[WhiteFideId "16227980"]
[BlackFideId "16268806"]
[EventCountry "GER"]
[EventRounds "11"]
[EventType "swiss"]
[EventDate "2018.05.19"]

1. e4 {[%clk 1:15:59]} 1... e6 {[%clk 1:15:52]} 2. d4 {[%clk 1:16:19]} 2... d5
{[%clk 1:16:13]} 3. exd5 {[%clk 1:16:36]} 3... exd5 {[%clk 1:16:32]} 4. c4 {
[%clk 1:16:58]} 4... Nf6 {[%clk 1:16:54]} 5. Nf3 {[%clk 1:17:07]} 5... Bg4 {
[%clk 1:16:45]} 6. Nc3 {[%clk 1:16:55]} 6... Bb4 {[%clk 1:16:58]} 7. Be2 {
[%clk 1:16:51]} 7... O-O {[%clk 1:16:48]} 8. a3 {[%clk 1:16:22]} 8... Bxc3+ {
[%clk 1:16:56]} 9. bxc3 {[%clk 1:16:43]} 9... Ne4 {[%clk 1:14:56]} 10. Qb3 {
[%clk 1:14:30]} 10... b6 {[%clk 1:08:57]} 11. cxd5 {[%clk 1:12:40]} 11... Nf6 {
[%clk 1:01:20]} 12. c4 {[%clk 1:11:33]} 12... Na6 {[%clk 0:57:47]} 13. Be3 {
[%clk 1:10:33]} 13... Rb8 {[%clk 0:56:43]} 14. Qc2 {[%clk 1:06:27]} 14... Rc8 {
[%clk 0:47:04]} 15. O-O {[%clk 1:05:49]} 15... c5 {[%clk 0:46:02]} 16. Ne5 {
[%clk 1:01:05]} 16... Bxe2 {[%clk 0:42:12]} 17. Qxe2 {[%clk 1:01:30]} 17... Re8
{[%clk 0:36:17]} 18. Qf3 {[%clk 0:59:06]} 18... Nb8 {[%clk 0:30:58]} 19. Rac1 {
[%clk 0:57:45]} 19... Nbd7 {[%clk 0:30:31]} 20. Nc6 {[%clk 0:56:33]} 20... Qc7
{[%clk 0:29:35]} 21. Bf4 {[%clk 0:56:15]} 21... Qb7 {[%clk 0:28:35]} 22. Rfe1
1-0

[Event "DEM U10w 2018"]
[Site "Willingen GER"]
[Date "2018.05.24"]
[Round "8"]
[White "Loos, Violeta"]
[Black "Ottlik, Marie"]
[Result "0-1"]
[Termination "normal"]
[Board "4"]
[WhiteElo "1023"]
[BlackElo "1190"]
[WhiteClock "00:42:29"]
[BlackClock "00:32:10"]
[PlyCount "120"]
[WhiteFideId "34605290"]
[BlackFideId "16281730"]
[EventCountry "GER"]
[EventRounds "11"]
[EventType "swiss"]
[EventDate "2018.05.19"]

1. e4 {[%clk 1:15:57]} 1... d5 {[%clk 1:15:54]} 2. exd5 {[%clk 1:16:22]} 2...
Nf6 {[%clk 1:16:16]} 3. d4 {[%clk 1:16:47]} 3... Nxd5 {[%clk 1:16:38]} 4. c4 {
[%clk 1:17:10]} 4... Nb6 {[%clk 1:16:59]} 5. Nf3 {[%clk 1:17:32]} 5... g6 {
[%clk 1:17:06]} 6. Be2 {[%clk 1:17:25]} 6... Bg7 {[%clk 1:17:25]} 7. O-O {
[%clk 1:17:05]} 7... O-O {[%clk 1:17:29]} 8. Be3 {[%clk 1:16:36]} 8... Bg4 {
[%clk 1:16:54]} 9. b3 {[%clk 1:15:40]} 9... Nc6 {[%clk 1:16:44]} 10. d5 { [%clk
1:13:05]} 10... Bxa1 {[%clk 1:16:15]} 11. dxc6 {[%clk 1:12:23]} 11... bxc6
{[%clk 1:15:08]} 12. h3 {[%clk 1:07:46]} 12... Bf5 {[%clk 1:09:45]} 13. Qc1
{[%clk 1:04:31]} 13... Bg7 {[%clk 1:09:02]} 14. Nc3 {[%clk 1:01:00]} 14... e5
{[%clk 1:03:49]} 15. Bh6 {[%clk 0:57:01]} 15... e4 {[%clk 1:01:23]} 16. Ng5
{[%clk 0:53:39]} 16... Bxh6 {[%clk 0:59:38]} 17. h4 {[%clk 0:52:08]} 17... f6 {
[%clk 0:51:43]} 18. Ne6 {[%clk 0:51:10]} 18... Bxc1 {[%clk 0:51:26]} 19. Nxd8
Raxd8 20. Rxc1 {[%clk 0:49:41]} 20... Rd2 {[%clk 0:50:51]} 21. a4 { [%clk
0:48:54]} 21... Nd7 {[%clk 0:44:58]} 22. b4 {[%clk 0:47:24]} 22... Ne5 { [%clk
0:41:16]} 23. c5 {[%clk 0:46:52]} 23... Bg4 {[%clk 0:39:47]} 24. Kf1 { [%clk
0:45:34]} 24... Bxe2+ {[%clk 0:39:50]} 25. Nxe2 25... Nd3 {[%clk 0:39:32] } 26.
Rb1 {[%clk 0:45:25]} 26... Nxb4 {[%clk 0:39:23]} 27. Ke1 {[%clk 0:45:16]} 27...
Rxe2+ {[%clk 0:37:50]} 28. Kxe2 {[%clk 0:45:05]} 28... Nd5 { [%clk 0:36:45]}
29. Rb3 {[%clk 0:44:14]} 29... Nf4+ {[%clk 0:35:44]} 30. Ke3 { [%clk 0:43:18]}
30... Nxg2+ {[%clk 0:35:47]} 31. Kxe4 {[%clk 0:41:40]} 31... Re8+ {[%clk
0:35:29]} 32. Kd3 {[%clk 0:41:06]} 32... Nf4+ {[%clk 0:33:10]} 33. Kc4 {[%clk
0:40:34]} 33... Re4+ {[%clk 0:30:52]} 34. Kc3 {[%clk 0:40:18]} 34... Rxa4
{[%clk 0:30:35]} 35. Rb7 {[%clk 0:38:48]} 35... Nd5+ {[%clk 0:28:32]} 36. Kb3
{[%clk 0:38:34]} 36... Rb4+ {[%clk 0:28:32]} 37. Rxb4 {[%clk 0:38:48]} 37...
Nxb4 {[%clk 0:28:57]} 38. Kxb4 {[%clk 0:39:06]} 38... Kf7 {[%clk 0:29:22] } 39.
Kc4 {[%clk 0:39:15]} 39... Ke6 {[%clk 0:29:22]} 40. Kd4 {[%clk 0:39:35]} 40...
a5 {[%clk 0:29:24]} 41. Kc3 {[%clk 0:39:44]} 41... Kd5 {[%clk 0:29:41]} 42. Kb3
Kxc5 43. Ka4 {[%clk 0:39:51]} 43... Kd4 {[%clk 0:29:55]} 44. Kxa5 { [%clk
0:40:14]} 44... c5 {[%clk 0:30:08]} 45. Kb5 {[%clk 0:40:02]} 45... c4 { [%clk
0:30:29]} 46. Kc6 {[%clk 0:39:46]} 46... c3 {[%clk 0:30:53]} 47. Kxc7 { [%clk
0:40:11]} 47... c2 48. Kd6 c1=Q 49. Ke6 49... Qf4 {[%clk 0:30:24]} 50. h5
{[%clk 0:40:24]} 50... Qe5+ {[%clk 0:30:32]} 51. Kf7 {[%clk 0:40:22]} 51...
Qxh5 {[%clk 0:30:19]} 52. Kxf6 {[%clk 0:40:36]} 52... Qf3+ {[%clk 0:30:19]} 53.
Kg7 {[%clk 0:40:53]} 53... Qxf2 {[%clk 0:30:35]} 54. Kxh7 {[%clk 0:41:15]}
54... Ke5 {[%clk 0:30:47]} 55. Kxg6 {[%clk 0:41:37]} 55... Qf5+ {[%clk 0:31:05]
} 56. Kg7 {[%clk 0:41:54]} 56... Ke6 {[%clk 0:31:08]} 57. Kg8 {[%clk 0:41:45]}
57... Qf6 {[%clk 0:31:15]} 58. Kh7 {[%clk 0:41:53]} 58... Qg5 {[%clk 0:31:32]}
59. Kh8 {[%clk 0:42:12]} 59... Kf7 {[%clk 0:31:46]} 60. Kh7 {[%clk 0:42:29]}
60... Qg7# {[%clk 0:32:10]  Kg6+  Qg8+  Kh7  Qg7#} 0-1

[Event "DEM U10w 2018"]
[Site "Willingen GER"]
[Date "2018.05.24"]
[Round "8"]
[White "Hoffmann, Sophia"]
[Black "Englert, Lin"]
[Result "0-1"]
[Termination "normal"]
[Board "5"]
[WhiteElo "1072"]
[BlackElo "1316"]
[WhiteClock "00:35:27"]
[BlackClock "00:29:29"]
[PlyCount "82"]
[WhiteFideId "16259130"]
[BlackFideId "16226410"]
[EventCountry "GER"]
[EventRounds "11"]
[EventType "swiss"]
[EventDate "2018.05.19"]

1. d4 {[%clk 1:15:57]} 1... d5 {[%clk 1:15:55]} 2. Nc3 {[%clk 1:16:20]} 2...
Nf6 {[%clk 1:16:19]} 3. Bf4 {[%clk 1:16:38]} 3... Bf5 {[%clk 1:16:37]} 4. e3 {
[%clk 1:16:52]} 4... e6 {[%clk 1:16:30]} 5. f3 {[%clk 1:17:17]} 5... Nc6 {
[%clk 1:16:05]} 6. g4 {[%clk 1:17:36]} 6... Bg6 {[%clk 1:16:09]} 7. h4 { [%clk
1:17:52]} 7... h5 {[%clk 1:15:06]} 8. Bh3 {[%clk 1:16:04]} 8... Bd6 { [%clk
1:13:38]} 9. g5 {[%clk 1:15:42]} 9... Bxf4 {[%clk 1:13:36]} 10. gxf6 { [%clk
1:15:52]} 10... Bh6 {[%clk 1:11:56]} 11. fxg7 {[%clk 1:15:58]} 11... Bxg7
{[%clk 1:12:07]} 12. Nge2 12... Qxh4+ {[%clk 1:07:31]} 13. Kd2 {[%clk 1:14:39]}
13... Qf6 {[%clk 1:04:58]} 14. Qf1 {[%clk 1:12:31]} 14... O-O-O {[%clk 1:04:02]
} 15. Rd1 {[%clk 1:11:25]} 15... Bh6 {[%clk 1:01:50]} 16. f4 {[%clk 1:10:44]}
16... Kb8 {[%clk 1:00:16]} 17. Kc1 {[%clk 1:10:09]} 17... Bh7 {[%clk 1:00:00]}
18. Qe1 {[%clk 1:06:48]} 18... Qg6 {[%clk 0:58:13]} 19. Rd2 {[%clk 1:06:07]}
19... Na5 {[%clk 0:57:20]} 20. Rd3 {[%clk 1:04:54]} 20... Nc4 {[%clk 0:57:25]}
21. Na4 {[%clk 1:04:07]} 21... Nxe3 22. Qc3 {[%clk 1:01:14]} 22... Nc4 { [%clk
0:56:04]} 23. Rf1 {[%clk 0:59:35]} 23... Qf6 {[%clk 0:54:45]} 24. Rdf3 { [%clk
0:58:38]} 24... Be4 {[%clk 0:53:40]} 25. Rg3 {[%clk 0:57:11]} 25... h4 { [%clk
0:53:18]} 26. Rgg1 {[%clk 0:55:32]} 26... e5 {[%clk 0:50:56]} 27. Nc5 { [%clk
0:53:43]} 27... Bg6 {[%clk 0:44:02]} 28. Nd7+ {[%clk 0:53:12]} 28... Rxd7
{[%clk 0:43:37]} 29. Bxd7 {[%clk 0:53:28]} 29... exf4 {[%clk 0:43:28]} 30. Qb4
{[%clk 0:52:55]} 30... f3+ {[%clk 0:41:57]} 31. Kb1 {[%clk 0:51:45]} 31... Nd2+
{[%clk 0:42:08]} 32. Ka1 {[%clk 0:51:42]} 32... Nxf1 {[%clk 0:42:09]} 33. Rxf1
{[%clk 0:52:03]} 33... Bxc2 {[%clk 0:39:07]} 34. Ng1 {[%clk 0:49:51]} 34... f2
{[%clk 0:38:01]} 35. Nh3 {[%clk 0:49:14]} 35... Qf3 {[%clk 0:31:07]} 36. Bc6 {
[%clk 0:47:06]} 36... b6 {[%clk 0:29:57]} 37. Bd7 {[%clk 0:42:04]} 37... Bd3 {
[%clk 0:30:13]} 38. Ng1 {[%clk 0:39:41]} 38... Qe3 {[%clk 0:28:35]} 39. Rd1 {
[%clk 0:35:50]} 39... fxg1=Q {[%clk 0:28:48]} 40. Ba4 {[%clk 0:35:14]} 40...
Qc1+ {[%clk 0:29:04]} 41. Rxc1 {[%clk 0:35:27]} 41... Qxc1# {[%clk 0:29:29]}
0-1

[Event "DEM U10w 2018"]
[Site "Willingen GER"]
[Date "2018.05.24"]
[Round "8"]
[White "Mirnaya, Veronika"]
[Black "Wilmink, Anna"]
[Result "1-0"]
[Termination "normal"]
[Board "6"]
[WhiteElo "1036"]
[BlackElo "1137"]
[WhiteClock "00:19:15"]
[BlackClock "00:09:18"]
[PlyCount "77"]
[WhiteFideId "16277406"]
[BlackFideId "16273680"]
[EventCountry "GER"]
[EventRounds "11"]
[EventType "swiss"]
[EventDate "2018.05.19"]

1. e4 {[%clk 1:15:56]} 1... c5 {[%clk 1:15:50]} 2. d4 {[%clk 1:16:16]} 2...
cxd4 {[%clk 1:16:02]} 3. c3 {[%clk 1:16:40]} 3... d5 {[%clk 1:16:13]} 4. exd5 {
[%clk 1:16:12]} 4... Qxd5 {[%clk 1:16:19]} 5. cxd4 {[%clk 1:16:24]} 5... e5 {
[%clk 1:16:01]} 6. Be3 {[%clk 1:14:25]} 6... Nc6 {[%clk 1:15:29]} 7. Nf3 {
[%clk 1:14:12]} 7... Bg4 {[%clk 1:13:56]} 8. Nc3 {[%clk 1:13:44]} 8... Bb4 {
[%clk 1:13:48]} 9. Be2 {[%clk 1:12:58]} 9... exd4 {[%clk 1:10:01]} 10. Nxd4 {
[%clk 1:12:41]} 10... Bxe2 {[%clk 1:08:59]} 11. Ndxe2 {[%clk 1:12:49]} 11...
Qxg2 {[%clk 1:07:10]} 12. Rf1 {[%clk 1:11:05]} 12... O-O-O {[%clk 1:05:59]} 13.
Qb3 {[%clk 1:08:32]} 13... Ne5 {[%clk 1:03:37]} 14. Nd4 {[%clk 1:04:29]} 14...
Rxd4 {[%clk 0:59:13]} 15. Bxd4 {[%clk 1:03:44]} 15... Qe4+ {[%clk 0:59:15]} 16.
Be3 {[%clk 1:02:25]} 16... Nf3+ {[%clk 0:57:00]} 17. Kd1 {[%clk 1:02:23]} 17...
Qd3+ {[%clk 0:56:46]} 18. Kc1 {[%clk 1:01:57]} 18... Qxf1+ {[%clk 0:55:58]} 19.
Kc2 {[%clk 1:00:44]} 19... Qh3 {[%clk 0:30:19]} 20. Qc4+ {[%clk 1:00:22]} 20...
Kb8 {[%clk 0:27:14]} 21. Bf4+ {[%clk 0:53:15]} 21... Ka8 {[%clk 0:26:28]} 22.
Qxb4 {[%clk 0:52:43]} 22... Nf6 {[%clk 0:24:47]} 23. Rd1 {[%clk 0:47:09]} 23...
Qf5+ {[%clk 0:20:50]} 24. Kc1 {[%clk 0:47:03]} 24... Ng4 {[%clk 0:12:45]} 25.
Nd5 {[%clk 0:46:03]} 25... Rc8+ {[%clk 0:11:10]} 26. Nc3 {[%clk 0:38:48]} 26...
Nxf2 {[%clk 0:10:52]} 27. Rd6 {[%clk 0:32:24]} 27... Nd3+ {[%clk 0:10:20]} 28.
Rxd3 {[%clk 0:32:03]} 28... Qxd3 {[%clk 0:10:38]} 29. Qa4 {[%clk 0:23:28]}
29... Ng1 {[%clk 0:10:41]} 30. Qc2 {[%clk 0:21:17]} 30... Qf1+ {[%clk 0:10:29]}
31. Qd1 {[%clk 0:21:28]} 31... Qxf4+ {[%clk 0:10:43]} 32. Kb1 {[%clk 0:21:30]}
32... Qxh2 {[%clk 0:10:28]} 33. Qd7 {[%clk 0:21:20]} 33... Kb8 {[%clk 0:10:29]}
34. a3 {[%clk 0:19:55]} 34... Nf3 {[%clk 0:09:47]} 35. Nb5 {[%clk 0:19:48]}
35... Ne5 {[%clk 0:09:23]} 36. Qd6+ {[%clk 0:19:02]} 36... Ka8 {[%clk 0:09:15]}
37. Nc7+ {[%clk 0:19:12]} 37... Rxc7 {[%clk 0:09:31]} 38. Qd8+ {[%clk 0:19:15]}
38... Rc8 {[%clk 0:09:18]} 39. Qxc8# 1-0

[Event "DEM U10w 2018"]
[Site "Willingen GER"]
[Date "2018.05.24"]
[Round "8"]
[White "Klonov, Sofia"]
[Black "Arnold, Rubina"]
[Result "0-1"]
[Termination "normal"]
[Board "7"]
[WhiteElo "1028"]
[BlackElo "1133"]
[WhiteClock "00:05:22"]
[BlackClock "00:29:28"]
[PlyCount "142"]
[WhiteFideId "16226240"]
[BlackFideId "16276272"]
[EventCountry "GER"]
[EventRounds "11"]
[EventType "swiss"]
[EventDate "2018.05.19"]

1. e4 {[%clk 1:15:59]} 1... d5 {[%clk 1:15:46]} 2. exd5 {[%clk 1:16:22]} 2...
Qxd5 {[%clk 1:16:07]} 3. Nc3 {[%clk 1:16:42]} 3... Qd6 {[%clk 1:15:41]} 4. Nf3
{[%clk 1:16:28]} 4... Nf6 {[%clk 1:15:50]} 5. d4 {[%clk 1:16:23]} 5... Bf5 {
[%clk 1:15:09]} 6. Bc4 {[%clk 1:15:28]} 6... g6 {[%clk 1:13:27]} 7. O-O { [%clk
1:14:06]} 7... Bg7 {[%clk 1:13:15]} 8. Re1 {[%clk 1:06:30]} 8... O-O { [%clk
1:10:00]} 9. Be3 {[%clk 1:02:49]} 9... Nc6 10. Qd2 {[%clk 1:00:50]} 10... Rad8
{[%clk 1:00:25]} 11. Bf4 {[%clk 0:58:31]} 11... Qd7 {[%clk 0:54:59]} 12. d5
{[%clk 0:57:11]} 12... Nb4 {[%clk 0:54:38]} 13. Bd3 {[%clk 0:55:59]} 13... Bxd3
{[%clk 0:54:38]} 14. cxd3 {[%clk 0:55:49]} 14... Nbxd5 {[%clk 0:54:34]} 15.
Nxd5 {[%clk 0:50:20]} 15... Nxd5 {[%clk 0:54:13]} 16. Bh6 {[%clk 0:49:45]}
16... Nf6 {[%clk 0:51:24]} 17. Bxg7 {[%clk 0:48:26]} 17... Kxg7 {[%clk 0:50:01]
} 18. Red1 {[%clk 0:47:56]} 18... Rfe8 {[%clk 0:44:41]} 19. d4 {[%clk 0:40:48]}
19... Ne4 {[%clk 0:41:10]} 20. Qd3 {[%clk 0:39:42]} 20... Nc5 {[%clk 0:41:03]}
21. Qd2 {[%clk 0:35:56]} 21... Ne6 {[%clk 0:37:41]} 22. Ne5 {[%clk 0:34:14]}
22... Qxd4 {[%clk 0:36:25]} 23. Qxd4 {[%clk 0:31:52]} 23... Rxd4 { [%clk
0:34:12]} 24. Rxd4 {[%clk 0:32:02]} 24... Nxd4 {[%clk 0:34:29]} 25. Rd1 { [%clk
0:32:16]} 25... Nb5 {[%clk 0:34:20]} 26. a4 {[%clk 0:28:41]} 26... Nd6 { [%clk
0:34:11]} 27. Rc1 {[%clk 0:20:21]} 27... c6 {[%clk 0:32:44]} 28. b4 { [%clk
0:17:26]} 28... f6 {[%clk 0:32:23]} 29. Nf3 {[%clk 0:14:05]} 29... e5 { [%clk
0:32:36]} 30. Rd1 {[%clk 0:13:38]} 30... Nf5 {[%clk 0:30:06]} 31. Rd7+ { [%clk
0:12:00]} 31... Re7 {[%clk 0:29:59]} 32. Rd2 {[%clk 0:11:15]} 32... Nd4 { [%clk
0:26:21]} 33. Rb2 {[%clk 0:05:47]} 33... Nxf3+ {[%clk 0:26:02]} 34. gxf3 {[%clk
0:06:06]} 34... f5 {[%clk 0:26:16]} 35. Re2 {[%clk 0:06:05]} 35... e4 { [%clk
0:26:29]} 36. fxe4 {[%clk 0:06:14]} 36... fxe4 {[%clk 0:26:49]} 37. Re3 { [%clk
0:06:05]} 37... Kf6 {[%clk 0:27:00]} 38. Kg2 {[%clk 0:05:26]} 38... Kf5 { [%clk
0:27:04]} 39. Kg3 {[%clk 0:04:56]} 39... g5 {[%clk 0:27:18]} 40. h3 { [%clk
0:04:18]} 40... h5 {[%clk 0:27:27]} 41. h4 {[%clk 0:03:37]} 41... g4 { [%clk
0:27:33]} 42. b5 {[%clk 0:02:16]} 42... cxb5 {[%clk 0:27:51]} 43. axb5 { [%clk
0:02:30]} 43... Re5 {[%clk 0:28:01]} 44. Rb3 {[%clk 0:02:25]} 44... b6 { [%clk
0:27:24]} 45. Kg2 {[%clk 0:01:44]} 45... Kf4 {[%clk 0:26:54]} 46. Rb4 { [%clk
0:01:56]} 46... Kf5 {[%clk 0:26:33]} 47. Rb3 {[%clk 0:02:14]} 47... Ke6 { [%clk
0:26:47]} 48. Kg3 {[%clk 0:02:35]} 48... Rf5 {[%clk 0:26:22]} 49. Re3 { [%clk
0:02:37]} 49... Kd5 {[%clk 0:25:53]} 50. Rb3 {[%clk 0:02:30]} 50... Rf3+ {[%clk
0:25:23]} 51. Rxf3 {[%clk 0:02:37]} 51... exf3 {[%clk 0:25:47]} 52. Kf4 {[%clk
0:02:33]} 52... Kc5 {[%clk 0:26:12]} 53. Kg3 {[%clk 0:02:37]} 53... Kxb5 {[%clk
0:26:38]} 54. Kf4 {[%clk 0:02:52]} 54... a5 {[%clk 0:26:58]} 55. Kg3 { [%clk
0:03:09]} 55... a4 {[%clk 0:27:20]} 56. Kf4 {[%clk 0:03:32]} 56... a3 { [%clk
0:27:42]} 57. Kg5 {[%clk 0:03:28]} 57... a2 {[%clk 0:28:04]} 58. Kxh5 { [%clk
0:03:49]} 58... a1=Q {[%clk 0:28:18]} 59. Kxg4 {[%clk 0:04:10]} 59... Qf6
{[%clk 0:28:31]} 60. h5 {[%clk 0:04:21]} 60... Kc5 {[%clk 0:28:43]} 61. h6 {
[%clk 0:04:29]} 61... Qxh6 {[%clk 0:27:20]} 62. Kxf3 {[%clk 0:04:47]} 62... b5
{[%clk 0:27:41]} 63. Ke4 {[%clk 0:04:57]} 63... Kc4 {[%clk 0:28:01]} 64. f4 {
[%clk 0:05:13]} 64... b4 {[%clk 0:28:19]} 65. Ke5 {[%clk 0:05:18]} 65... b3 {
[%clk 0:28:37]} 66. f5 {[%clk 0:05:39]} 66... b2 {[%clk 0:29:01]} 67. f6 {
[%clk 0:06:01]} 67... b1=Q 68. Ke6 68... Qbg6 {[%clk 0:28:49]} 69. Ke7 { [%clk
0:05:18]} 69... Qxf6+ {[%clk 0:29:12]} 70. Ke8 {[%clk 0:05:09]} 70... Qfg7
{[%clk 0:29:28]} 71. Kd8 {[%clk 0:05:22]} 71... Qhh8# 0-1